000 00737nam a2200289Ia 4500
005 20260324120036.0
008 008 260324s9999 xx 000 0 eng d
020 _a9781315264233
037 _aEBOOK
040 _aCRL
040 _beng
040 _cCRL
041 _2eng
041 _aeng
084 _qCRL
100 _aTiffany Werth; Tom Bishop; Alexa Huang
_91157005
245 4 _aThe Shakespearean International Yearbook
245 0 _bVolume 15: Special Section, Shakespeare and the Human
260 _bTaylor and Francis
260 _c2015
365 _a
365 _b230
856 _uhttp://www.taylorfrancis.com/books/9781315264233
942 _cEBOOK
999 _c1748305
_d1748305